00424nam a2200157Ia 45000010006000000050017000060080041000230410008000640820015000721000044000872450083001312600009002143000027002236500008002506540008002581645820260306170311.0260306t2018||||xx |||||||||||||| ||und|| aESP a348.6bF82 aFranco Garcìa, Dévora KatheryneAUT 0aEstabilidad laboral reforzada. La maternidad y la discapacidad ante el derecho c2018 a89 páginas :c21 cm. aGEN aCDE